000 00566nmm a2200193Ia 4500
008 251105s9999||||xx |||||||||||||||||und||
020 _a9789942843371
041 _aspa
100 _aEspinoza, Daniela
245 0 _aChocolatería y confitería ecuatoriana :
_b Guía pedagógica
264 _a[Quito, Ecuador] :
_bUniversidad UTE,
_c2024
300 _a156 páginas
650 _aCooking
700 _aEspinoza, Daniela
700 1 _a Maldonado, Hugo
700 1 _a Lasso, Freddy
856 _uhttps://public.digitaliapublishing.com/a/160296
942 _cCF
999 _c65149
_d65149